Japon merkezi idare yönetimi (Record no. 8404)

MARC details
000 -BAŞLIK
Sabit Uzunlukta Kontrol Alanı 00677na a2200253 4500
001 - KONTROL NUMARASI
Denetim Alanı 13474
003 - KONTROL NUMARASI IDENTIFIER
Denetim Alanı MIRAKIL
005 - SON İŞLEM TARİHİ VE ZAMANI
Denetim Alanı 20181213155211.0
008 - SABİT-BOY VERİ ELEMANLARI - GENEL BİLGİLER
Sabit Uzunlukta Kontrol Alanı 160908b tu 000 0
020 ## - ULUSLARARASI STANDART KİTAP NUMARASI
Uluslararası Standart Kitap Numarası 9751922496
035 ## - SİSTEM KONTROL NUMARASI
Sistem Kontrol Numarası 13474
040 ## - KATALOGLAMA KAYNAK
Orijinal Kataloglama Ajansı Milas
Kataloglama Dili tur
Metne Dönüştürmek Ajansı TR-AnCHP
082 ## - DEWEY ONLU SINIFLANDIRMA NUMARASI
Sınıflandırma Numarası 351
Ürün Numarası D86j 1999
090 ## - SINIFLAMA NUMARASI
Sınıflama Numarası 351 D86j 1999
100 ## - ANA GİRİŞ - KİŞİSEL İSİM
Kişisel Ad Dursun, Hasan
245 ## - BAŞLIK TABLOSU
Başlık Japon merkezi idare yönetimi
Sorumluluk Tablosu, Vb Hasan Dursun
260 ## - YAYIN, DAĞITIM, VB
Yayın, Dağıtım, Vb Yeri Ankara
Yayıncı, Dağıtıcı, Vs Adı DPT
Yayın, Dağıtım, Vb Tarihi 1999
300 ## - FİZİKSEL TANIM
Kapsam 136 s.
Boyutlar 24 sm.
504 ## - KAYNAKÇA VB NOT
Kaynakça Vb Notu Kaynakça var.
650 ## - KONU KATMA GİRİŞ - TOPİKAL DÖNEM
Topikal Süreli Veya Coğrafi Ad Giriş Elemanı Merkez-yerel yönetim ilişkileri
Coğrafi Alt Bölümü Japonya
650 ## - KONU KATMA GİRİŞ - TOPİKAL DÖNEM
Topikal Süreli Veya Coğrafi Ad Giriş Elemanı Merkezi yönetim
Coğrafi Alt Bölümü Japonya
651 ## - KONU KATMA GİRİŞ - COĞRAFİ ADI
Coğrafi İsim Japonya
Genel Alt Bölümü Siyaset ve yönetim
942 ## - EKLENDİ GİRİŞ ELEMANLARI (KOHA)
Sınıflandırma Veya Raf Düzeni Kaynak Dewey Decimal Classification
Koha Öğesi Türü Books
999 ## - SİSTEM KONTROL NUMARALARI (KOHA)
Koha Biblionumber 8404
Koha Biblioitemnumber 8404
Holdings
Kalıcı Konum Mevcut Konum Edinme Tarihi Edinim Kaynak Toplam Check-Out'Lar Tam Çağrı Numarası Barkod Tarih Son Görülme İtibaren Geçerli Fiyatlar Koha Öğesi Türü
CHP Kütüphanesi CHP Kütüphanesi 08/14/2016 Bağış   351 D86j 1999 001213 08/14/2016 08/14/2016 Books